000 00369nam a2200169Ia 4500
001 775
003 IN-NITTTR
005 20251114232902.0
008 251113s9999||||xx |||||||||||||| ||eng||
040 _beng
040 _cIN-NITTTR
041 _aeng
082 _a604.2 P317E
100 _aPearson, G.
245 0 _aEngineering drawing /
_cPearson, G.
942 _2ddc
_cBK
999 _c516
_d516